Геология (Запись № 7595993)
[ простой вид ]
| 000 -МАРКЕР | |
|---|---|
| контрольное поле | 01599nam1a22002891 4500 |
| 001 - ИДЕНТИФИКАТОР ЗАПИСИ | |
| контрольное поле | rc\3058174 |
| 005 - ИДЕНТИФИКАТОР ВЕРСИИ | |
| контрольное поле | 20111013170335.2 |
| 035 ## - ДРУГИЕ СИСТЕМНЫЕ НОМЕРА | |
| Идентификатор записи | (NLR Aleph) 007197139 |
| 100 ## - ДАННЫЕ ОБЩЕЙ ОБРАБОТКИ | |
| Данные общей обработки | 20111013d1935 |||y0rusy50 ca |
| 101 1# - ЯЗЫК РЕСУРСА | |
| Язык текста, звукозаписи и т.д. | русский |
| Язык оригинала | французский |
| 102 ## - СТРАНА ПУБЛИКАЦИИ ИЛИ ПРОИЗВОДСТВА | |
| Страна публикации | Российская Федерация |
| 105 ## - ПОЛЕ КОДИРОВАННЫХ ДАННЫХ: ТЕКСТОВЫЕ МАТЕРИАЛЫ, МОНОГРАФИЧЕСКИЕ | |
| Кодированные данные о монографическом текстовом документе | y z ||||| |
| 200 1# - ЗАГЛАВИЕ И СВЕДЕНИЯ ОБ ОТВЕТСТВЕННОСТИ | |
| Основное заглавие | Геология |
| Сведения, относящиеся к заглавию | Пер. с франц. |
| -- | Рекомендована ГУУЗ'ом НКТП СССР в качестве учеб. пособия для геол.-развед. втузов, Наркомпросом РСФСР, допущена в качестве учебника для ун-тов. Т. 1- |
| Первые сведения об ответственности | Э. Ог, проф. Парижск. ун-та |
| Последующие сведения об ответственности | С прил. и доп. проф. А.П. Павлова, Е.А. Кузнецова и Е.В. Милановского ... |
| -- | Под общ. ред. проф. Е.В. Милановского |
| 205 ## - СВЕДЕНИЯ ОБ ИЗДАНИИ | |
| Сведения об издании | 6-е изд. |
| 210 ## - ПУБЛИКАЦИЯ, РАСПРОСТРАНЕНИЕ И ДР. | |
| Место издания, распространения и т.д. | Москва |
| -- | Ленинград |
| Имя издателя, распространителя и т. д. | Онти. Гл. ред. геол.-развед. и геодез. лит. |
| Дата издания, распространения и т.д. | [1935] |
| Место изготовления | Ленинград |
| Имя изготовителя | тип. им. Евг. Соколовой |
| 215 ## - ФИЗИЧЕСКАЯ ХАРАКТЕРИСТИКА | |
| Размеры | 24×17 см |
| 300 ## - ОБЩИЕ ПРИМЕЧАНИЯ | |
| Текст примечания | На обороте тит. л.: "Emile Haug, professeur à la Faculté des sciences de l'Université de Paris. Traité de géologie ... Paris. Librairie Armand Colin" |
| 700 #1 - ИМЯ ЛИЦА - ПЕРВИЧНАЯ ОТВЕТСТВЕННОСТЬ | |
| Начальный элемент ввода | Ог |
| Часть имени, кроме начального элемента ввода | Э. |
| Даты | 1861- |
| Расширение инициалов личного имени | Эмиль |
| 702 #1 - ИМЯ ЛИЦА - ВТОРИЧНАЯ ОТВЕТСТВЕННОСТЬ | |
| Начальный элемент ввода | Павлов |
| Часть имени, кроме начального элемента ввода | А. П. |
| Код отношения | Прочие |
| 702 #1 - ИМЯ ЛИЦА - ВТОРИЧНАЯ ОТВЕТСТВЕННОСТЬ | |
| Начальный элемент ввода | Кузнецов |
| Часть имени, кроме начального элемента ввода | Е. А. |
| Код отношения | Прочие |
| 702 #1 - ИМЯ ЛИЦА - ВТОРИЧНАЯ ОТВЕТСТВЕННОСТЬ | |
| Начальный элемент ввода | Милановский |
| Часть имени, кроме начального элемента ввода | Е. В. |
| Код отношения | Редактор |
| 801 #0 - ИСТОЧНИК ЗАПИСИ | |
| Страна | Российская Федерация |
| Организация | NLR |
| Правила каталогизации | psbo |
| 801 #1 - ИСТОЧНИК ЗАПИСИ | |
| Страна | Российская Федерация |
| Организация | ELAR |
| Источник данных | rusmarc |
| 852 ## - МЕСТОНАХОЖДЕНИЕ И ШИФР ХРАНЕНИЯ | |
| Идентификатор организации | NLR |
| Шифр хранения (Call Number) | 35-18/90(1) |
| 942 ## - ДОПОЛНИТЕЛЬНЫЕ ЭЛЕМЕНТЫ ЗАПИСИ (АБИС) | |
| Тип экземпляра АБИС | Книга |
| 980 ## - КОЛЛЕКЦИЯ | |
| Название коллекции | Национальная библиография |
Нет доступных экземпляров.